[Event "2BLS 1819 SC Eppingen - SC Emmendingen"]
[Site "?"]
[Date "2018.11.10"]
[Round "1.5"]
[White "Sokolov, Andrei"]
[Black "Bilchinski, Anton"]
[Result "1-0"]
[WhiteElo "2486"]
[BlackElo "2310"]
[PlyCount "95"]
[EventDate "2018.??.??"]

1. e4 e5 2. Nf3 Nf6 3. Nxe5 d6 4. Nf3 Nxe4 5. Qe2 Qe7 6. d3 Nf6 7. Bg5 Qxe2+ 8.
Bxe2 Be7 9. c4 O-O 10. Nc3 h6 11. Bf4 Nc6 12. h3 Bf5 13. g4 Bg6 14. O-O-O Rfe8
15. Rhe1 Rac8 16. Bf1 d5 17. Ne5 Nxe5 18. Rxe5 dxc4 19. dxc4 c6 20. Be3 Bb4 21.
Rxe8+ Rxe8 22. Ne2 a6 23. a3 Bf8 24. Nc3 b5 25. c5 a5 26. Bg2 Ne4 27. Nxe4 Bxe4
28. Bxe4 Rxe4 29. Rd8 f5 30. gxf5 Kf7 31. Kd2 Re5 32. Rd7+ Kg8 33. Rd8 Kf7 34.
Rd7+ Kg8 35. b4 axb4 36. axb4 Rxf5 37. Rc7 Rf6 38. Bd4 Re6 39. f4 Re4 40. Kd3
Rxf4 41. Rxc6 Rh4 42. Rb6 Rxh3+ 43. Ke4 Rh1 44. Rxb5 Rc1 45. Kd5 h5 46. c6 h4
47. Be5 Rd1+ 48. Ke6 1-0

[Event "2BLS 1819 SC Eppingen - SC Emmendingen"]
[Site "?"]
[Date "2018.11.10"]
[Round "1.6"]
[White "Hacker, Jonas"]
[Black "Cvitan, Ognjen"]
[Result "0-1"]
[WhiteElo "2350"]
[BlackElo "2496"]
[PlyCount "128"]
[EventDate "2018.??.??"]

1. e4 c5 2. Nf3 Nc6 3. d4 cxd4 4. Nxd4 g6 5. c4 Nf6 6. Nc3 d6 7. Be2 Nxd4 8.
Qxd4 Bg7 9. Be3 O-O 10. Qd2 Qa5 11. f3 Be6 12. Nd5 Qxd2+ 13. Kxd2 Nxd5 14. cxd5
Bd7 15. Rac1 Rfc8 16. Rxc8+ Rxc8 17. Rc1 Rxc1 18. Kxc1 a6 19. Kc2 Kf8 20. Kb3
e6 21. Kb4 Ke7 22. Ka5 Kd8 23. Kb6 Kc8 24. b4 Bf6 25. Ka5 Bc3 26. Bb6 exd5 27.
exd5 Bf5 28. Ka4 Bc2+ 29. Ka3 Kd7 30. b5 axb5 31. Bxb5+ Ke7 32. Ba4 Bd3 33. Kb3
Bd2 34. Kb2 f5 35. Bc2 Bc4 36. Bb3 Bd3 37. Bc2 Bf1 38. g3 Be2 39. f4 h5 40. Bf2
h4 41. Bb3 h3 42. Kc2 Bb4 43. Bd4 Be1 44. Bg1 Kf6 45. Kc1 Bb4 46. Bd4+ Kf7 47.
Be3 Be1 48. Bg1 Kf6 49. Bd4+ Ke7 50. Bg1 Kd7 51. Ba4+ b5 52. Bb3 Kc7 53. Kc2
Kb7 54. a3 Ka6 55. Kc1 Bc4 56. Kc2 Bxb3+ 57. Kxb3 Ka5 58. Kc2 Ka4 59. Kb2 b4
60. axb4 Kxb4 61. Kc2 Kc4 62. Kd1 Bb4 63. Bb6 Kxd5 64. Ke2 Ke4 0-1

[Event "2BLS 1819 SC Eppingen - SC Emmendingen"]
[Site "?"]
[Date "2018.11.10"]
[Round "1.7"]
[White "Burri, Quentin"]
[Black "Gibicar, Danijel"]
[Result "1/2-1/2"]
[WhiteElo "2415"]
[BlackElo "2286"]
[PlyCount "64"]
[EventDate "2018.??.??"]

1. e4 e6 2. d4 d5 3. Nd2 a6 4. Ngf3 c5 5. dxc5 Bxc5 6. Nb3 Bb6 7. exd5 exd5 8.
Bd3 Qe7+ 9. Qe2 Bg4 10. O-O Qxe2 11. Bxe2 Nf6 12. h3 Bh5 13. Nfd4 Bg6 14. Bg5
Ne4 15. Be3 Nd7 16. Rad1 O-O 17. c3 Rfe8 18. Rfe1 Rad8 19. Bg4 Ne5 20. Nc2 Bc7
21. Nb4 Nf6 22. Be2 a5 23. Nd3 Nc4 24. Bc1 Bb6 25. Nd4 Ne5 26. Nf4 Nc6 27. Be3
Bxd4 28. Bxd4 Nxd4 29. Rxd4 Re4 30. Red1 Rde8 31. Bb5 Rxd4 32. Rxd4 Re5 1/2-1/2

[Event "2BLS 1819 SC Eppingen - SC Emmendingen"]
[Site "?"]
[Date "2018.11.10"]
[Round "1.8"]
[White "Hamid, Emran"]
[Black "Weidemann, Joerg"]
[Result "1/2-1/2"]
[WhiteElo "2182"]
[BlackElo "2280"]
[PlyCount "62"]
[EventDate "2018.??.??"]

1. e4 c5 2. Nf3 g6 3. c4 Nc6 4. d4 cxd4 5. Nxd4 Nf6 6. Nc3 Nxd4 7. Qxd4 d6 8.
Be2 Bg7 9. O-O O-O 10. Qd3 Be6 11. Be3 Nd7 12. b3 Nc5 13. Qc2 a6 14. Rad1 Rc8
15. Nd5 Re8 16. b4 Bxd5 17. Rxd5 Nd7 18. Rd2 Qc7 19. Qb3 Qc6 20. f3 a5 21. a3
axb4 22. axb4 Ra8 23. Rfd1 b6 24. c5 bxc5 25. Bc4 Ne5 26. Bd5 Qa4 27. Qxa4 Rxa4
28. bxc5 e6 29. Ba2 Rea8 30. cxd6 Rxa2 31. d7 Nxd7 1/2-1/2

[Event "2BLS 1819 SV Jedesheim - SV Griesheim"]
[Site "?"]
[Date "2018.11.11"]
[Round "2.1"]
[White "Grabarczyk, Miroslaw"]
[Black "Krassowizkij, Jaroslaw"]
[Result "0-1"]
[WhiteElo "2374"]
[BlackElo "2456"]
[PlyCount "70"]
[EventDate "2018.??.??"]

1. d4 Nf6 2. c4 c5 3. d5 e5 4. Nc3 d6 5. e4 Be7 6. h4 O-O 7. g3 a6 8. a4 Nbd7
9. Bh3 b5 10. axb5 Nb6 11. Bxc8 Qxc8 12. Qd3 axb5 13. Rxa8 Qxa8 14. cxb5 c4 15.
Qc2 Nfd7 16. Nge2 f5 17. f3 fxe4 18. fxe4 Rf3 19. Rf1 Qf8 20. Rxf3 Qxf3 21. b4
cxb3 22. Qxb3 Nc5 23. Qb1 Nc4 24. b6 Bd8 25. b7 Nxb7 26. Kd1 Ba5 27. Qxb7 Qd3+
28. Ke1 Bxc3+ 29. Nxc3 Qxc3+ 30. Kf2 Qxc1 31. Qc8+ Kf7 32. Qd7+ Kg6 33. Kg2 Kh6
34. Qe6+ g6 35. Qf6 Ne3+ 0-1

[Event "2BLS 1819 SV Jedesheim - SV Griesheim"]
[Site "?"]
[Date "2018.11.11"]
[Round "2.2"]
[White "Pikula, Dejan"]
[Black "Jarmula, Lukasz"]
[Result "1/2-1/2"]
[WhiteElo "2485"]
[BlackElo "2492"]
[PlyCount "94"]
[EventDate "2018.??.??"]

1. d4 Nf6 2. Bf4 d5 3. e3 c5 4. c3 Nc6 5. Nd2 Bf5 6. Qb3 Qc8 7. Ngf3 c4 8. Qd1
e6 9. Nh4 Bg4 10. f3 Bh5 11. g4 Bg6 12. Nxg6 hxg6 13. h3 Qd8 14. e4 Nd7 15. Bg2
Qh4+ 16. Kf1 Qd8 17. Bg3 Nb6 18. Qe2 Be7 19. f4 Qd7 20. e5 Na4 21. Rb1 b5 22.
Qe3 b4 23. h4 Rb8 24. Ke2 Bd8 25. Rhc1 Ba5 26. Kf1 bxc3 27. bxc3 Rxb1 28. Nxb1
O-O 29. Bf3 Ne7 30. Bd1 Rb8 31. Qd2 Qb5 32. Qc2 Qb2 33. Be1 Nc6 34. Bd2 Qxc2
35. Bxc2 Nb6 36. Ke2 Nc8 37. Na3 Rb2 38. Ra1 a6 39. Kd1 Bd8 40. Be1 Be7 41. Nb1
N8a7 42. Kc1 Rb8 43. a4 Na5 44. Ra2 Nb3+ 45. Kd1 Nc6 46. Nd2 Bd8 47. Nf3 Ne7
1/2-1/2

[Event "2BLS 1819 SV Jedesheim - SV Griesheim"]
[Site "?"]
[Date "2018.11.11"]
[Round "2.3"]
[White "Tazbir, Marcin"]
[Black "Lukovic, Vladimir"]
[Result "1/2-1/2"]
[WhiteElo "2534"]
[BlackElo "2425"]
[PlyCount "79"]
[EventDate "2018.??.??"]

1. e4 e5 2. Nf3 Nc6 3. Bb5 a6 4. Ba4 Nf6 5. O-O Be7 6. Re1 b5 7. Bb3 d6 8. c3
O-O 9. d4 Bg4 10. Be3 exd4 11. cxd4 d5 12. e5 Ne4 13. h3 Bh5 14. Nc3 Nxc3 15.
bxc3 Qd7 16. Bc2 Na5 17. Qb1 Bg6 18. Bxg6 hxg6 19. e6 fxe6 20. Qxg6 Bf6 21. Qg4
Rae8 22. Re2 Nc4 23. Bg5 Nd6 24. Bxf6 Rxf6 25. Ne5 Qe7 26. Nd3 Ne4 27. Rc1 c5
28. f3 c4 29. Nf4 Qf7 30. Nh5 Rg6 31. Qf4 Nf6 32. Nxf6+ Qxf6 33. Qe3 Qh4 34.
Kh1 Qg3 35. Rce1 Kf7 36. Qg1 Rf6 37. Qh2 Qxh2+ 38. Kxh2 Rb8 39. Rb1 Ke7 40.
Reb2 1/2-1/2

[Event "2BLS 1819 SV Jedesheim - SV Griesheim"]
[Site "?"]
[Date "2018.11.11"]
[Round "2.4"]
[White "Anistratov, Dmitriy"]
[Black "Baskin, Robert"]
[Result "1/2-1/2"]
[WhiteElo "2283"]
[BlackElo "2354"]
[PlyCount "34"]
[EventDate "2018.??.??"]

1. c4 c5 2. Nc3 g6 3. g3 Bg7 4. Bg2 Nc6 5. d3 Nf6 6. Nh3 d5 7. cxd5 Nxd5 8.
Nxd5 Bxh3 9. Bxh3 Qxd5 10. O-O O-O 11. Bg2 Qd6 12. Bf4 Qe6 13. Be3 Nd4 14. Re1
Rac8 15. Bxd4 cxd4 16. Qb3 Qd7 17. Qxb7 Qxb7 1/2-1/2

[Event "2BLS 1819 SV Jedesheim - SV Griesheim"]
[Site "?"]
[Date "2018.11.11"]
[Round "2.5"]
[White "Spitzl, Vinzent"]
[Black "Trussevich, Sergey"]
[Result "0-1"]
[WhiteElo "2285"]
[BlackElo "2282"]
[PlyCount "82"]
[EventDate "2018.??.??"]

1. e4 c5 2. Nf3 e6 3. d4 cxd4 4. Nxd4 a6 5. g3 b6 6. Bg2 Bb7 7. c4 Qc7 8. O-O
Nf6 9. Qe2 d6 10. b3 Be7 11. Bb2 O-O 12. Nc3 Nc6 13. Rfd1 Rfe8 14. Rac1 Nxd4
15. Rxd4 Rac8 16. h3 Bf8 17. Rd2 Nd7 18. Rcd1 Qb8 19. Qe3 Nc5 20. h4 Ba8 21. h5
h6 22. Qe2 Bc6 23. b4 Na4 24. Nxa4 Bxa4 25. Rc1 b5 26. e5 Rxc4 27. Rxc4 bxc4
28. exd6 Qxb4 29. a3 Qa5 30. Qe3 Rd8 31. Bc3 Qb5 32. Qf4 Qb3 33. Qe5 Qxa3 34.
Bb2 Qb4 35. Bc3 Qb8 36. Qa5 Bb5 37. Qc7 Rc8 38. Ba5 c3 39. Qxb8 cxd2 40. Qxc8
d1=Q+ 41. Kh2 Qxh5+ 0-1

[Event "2BLS 1819 SV Jedesheim - SV Griesheim"]
[Site "?"]
[Date "2018.11.11"]
[Round "2.6"]
[White "Roemer, Ulrich"]
[Black "Grabarczyk, Bogdan"]
[Result "1-0"]
[WhiteElo "2173"]
[BlackElo "2380"]
[PlyCount "69"]
[EventDate "2018.??.??"]

1. d4 d5 2. Nf3 Nf6 3. e3 e6 4. Bd3 b6 5. O-O Bb7 6. b3 Nbd7 7. c4 Ne4 8. Bb2
f5 9. Nc3 a6 10. Ne2 Bd6 11. Nf4 Qf6 12. Be2 O-O 13. Nd3 Qg6 14. cxd5 exd5 15.
Nfe5 Qh6 16. f4 Bxe5 17. Nxe5 Nxe5 18. dxe5 a5 19. Bf3 c5 20. Bxe4 fxe4 21. Qg4
Bc8 22. f5 Qxe3+ 23. Kh1 Qd2 24. Rab1 g6 25. e6 Bxe6 26. fxe6 Qxb2 27. e7 Rxf1+
28. Rxf1 Kg7 29. Qd7 Kh6 30. e8=Q Rxe8 31. Qxe8 Qe2 32. Qf8+ Kh5 33. h3 d4 34.
Qf7 Kh6 35. Rf4 1-0

[Event "2BLS 1819 SV Jedesheim - SV Griesheim"]
[Site "?"]
[Date "2018.11.11"]
[Round "2.7"]
[White "Koehler, Ronald"]
[Black "Engelhart, Achim"]
[Result "1/2-1/2"]
[WhiteElo "2270"]
[BlackElo "2112"]
[PlyCount "39"]
[EventDate "2018.??.??"]

1. d4 d5 2. Nf3 e6 3. c4 dxc4 4. e3 c5 5. Bxc4 a6 6. a4 Nf6 7. O-O Nc6 8. Qe2
cxd4 9. Rd1 Be7 10. exd4 O-O 11. Nc3 Nb4 12. Ne5 b6 13. Bg5 Bb7 14. Rac1 Nfd5
15. Bd2 Bg5 16. Qg4 Bxd2 17. Rxd2 Nf6 18. Qe2 Nfd5 19. Qg4 Nf6 20. Qe2 1/2-1/2

[Event "2BLS 1819 SV Jedesheim - SV Griesheim"]
[Site "?"]
[Date "2018.11.11"]
[Round "2.8"]
[White "Bossinger, Patrick"]
[Black "De Visser, Leon"]
[Result "1-0"]
[WhiteElo "1976"]
[BlackElo "2230"]
[PlyCount "123"]
[EventDate "2018.??.??"]

1. e4 c6 2. d4 d5 3. exd5 cxd5 4. c4 Nf6 5. Nc3 Nc6 6. Nf3 Bg4 7. Bg5 e6 8.
cxd5 exd5 9. Qe2+ Be6 10. Bxf6 gxf6 11. g3 Bh6 12. Bg2 O-O 13. O-O Qd7 14. Nh4
Bg5 15. Rad1 Kh8 16. Nf3 Bh6 17. Rfe1 Rad8 18. h4 Bg4 19. Qd3 Bf5 20. Qb5 Ne7
21. Qc5 Nc6 22. Nh2 Be6 23. Nf1 b6 24. Qb5 Ne7 25. Qe2 Rg8 26. Qf3 Rg6 27. Ne3
Bxe3 28. Qxe3 Nf5 29. Qf4 Rdg8 30. Kh2 Rg4 31. Qf3 R8g6 32. Ne2 Nxh4 33. Qa3
Nxg2 34. Kxg2 Kg7 35. Rh1 Bf5 36. Rh5 R4g5 37. Nf4 Bg4 38. Rdh1 Bxh5 39. Nxh5+
Kg8 40. Nf4 Rg4 41. Nxg6 fxg6 42. Qc3 Re4 43. Rc1 Re7 44. Qf3 Qe6 45. Kg1 Kg7
46. Qf4 g5 47. Qb8 Qf5 48. Qd6 Qd7 49. Qb8 Qf5 50. Qd6 Re2 51. Rf1 Qe6 52. Qc7+
Qe7 53. Qc3 h5 54. Qf3 Qe4 55. Qxh5 Rxb2 56. Qh3 Rxa2 57. Rc1 g4 58. Rc7+ Kg8
59. Rc8+ Kf7 60. Qh5+ Kg7 61. Rc7+ Kg8 62. Qf7+ 1-0

[Event "2BLS 1819 TSV Schoenaich - SC Heusensta"]
[Site "?"]
[Date "2018.11.11"]
[Round "2.1"]
[White "Sadzikowski, Daniel"]
[Black "Martinovic, Sasa"]
[Result "1/2-1/2"]
[WhiteElo "2544"]
[BlackElo "2563"]
[PlyCount "35"]
[EventDate "2018.??.??"]

1. d4 Nf6 2. c4 e6 3. g3 Bb4+ 4. Nd2 c5 5. a3 Bxd2+ 6. Qxd2 cxd4 7. Nf3 d5 8.
cxd5 e5 9. Bg2 Nbd7 10. O-O O-O 11. Rd1 Re8 12. Qc2 b6 13. e4 a5 14. Bg5 Ba6
15. b4 h6 16. Bxf6 Nxf6 17. Nd2 Qd7 18. Rdc1 1/2-1/2

[Event "2BLS 1819 TSV Schoenaich - SC Heusensta"]
[Site "?"]
[Date "2018.11.11"]
[Round "2.2"]
[White "Plenca, Jadranko"]
[Black "Krejci, Jan"]
[Result "1/2-1/2"]
[WhiteElo "2477"]
[BlackElo "2563"]
[PlyCount "86"]
[EventDate "2018.??.??"]

1. e4 c5 2. Nf3 Nc6 3. Bb5 g6 4. Bxc6 dxc6 5. d3 Bg7 6. h3 Nf6 7. O-O Nd7 8. a3
b6 9. Qe2 e5 10. Be3 O-O 11. b4 f5 12. bxc5 f4 13. Bd2 Nxc5 14. Bb4 g5 15. Nh2
Qe7 16. a4 a5 17. Ba3 Be6 18. Nd2 b5 19. c3 Rfb8 20. Rfb1 Qa7 21. axb5 cxb5 22.
Nhf3 h6 23. d4 Na4 24. Qd3 exd4 25. Nxd4 Rd8 26. Qc2 Bxd4 27. cxd4 Rac8 28. Bc5
Nxc5 29. dxc5 Qxc5 30. Qb2 Qc3 31. Qxc3 Rxc3 32. Nf3 a4 33. Rxb5 Bb3 34. e5
Rcd3 35. Ra5 Rd1+ 36. Rxd1 Rxd1+ 37. Kh2 Kf7 38. Ra7+ Ke6 39. Ra6+ Ke7 40. Ra7+
Rd7 41. Ra6 Rd1 42. Ra7+ Kd8 43. Ra6 Ke7 1/2-1/2

[Event "2BLS 1819 TSV Schoenaich - SC Heusensta"]
[Site "?"]
[Date "2018.11.11"]
[Round "2.3"]
[White "Poetsch, Hagen"]
[Black "Volke, Karsten"]
[Result "1/2-1/2"]
[WhiteElo "2513"]
[BlackElo "2471"]
[PlyCount "98"]
[EventDate "2018.??.??"]

1. e4 e5 2. Nf3 Nc6 3. Bc4 Bc5 4. c3 Nf6 5. d4 exd4 6. e5 d5 7. Bb5 Ne4 8. cxd4
Bb6 9. Nc3 O-O 10. Be3 Bg4 11. h3 Bh5 12. Qc2 Bg6 13. Qb3 Ne7 14. O-O c6 15.
Bd3 Nd2 16. Nxd2 Bxd3 17. Rfe1 Bg6 18. Na4 Nf5 19. Nf3 Ba5 20. Re2 Nxe3 21.
Rxe3 Qe7 22. Rc1 Rab8 23. Nc5 Bb6 24. Qc3 Bh5 25. Ne1 f6 26. Ned3 Bg6 27. Nf4
fxe5 28. Rxe5 Qf6 29. Nce6 Rfe8 30. Rce1 Bf7 31. Qe3 Re7 32. g4 Bxe6 33. Nxe6
Rbe8 34. Nxg7 Qxe5 35. dxe5 Bxe3 36. Nxe8 Bxf2+ 37. Kxf2 Rxe8 38. Kg3 Kf7 39.
Rf1+ Ke6 40. Rf5 d4 41. Kf4 Rd8 42. Rf6+ Kd5 43. e6 Re8 44. Rf5+ Kxe6 45. Ke4
Rd8 46. Re5+ Kf6 47. Rf5+ Ke6 48. Re5+ Kf6 49. Rf5+ Ke6 1/2-1/2

[Event "2BLS 1819 TSV Schoenaich - SC Heusensta"]
[Site "?"]
[Date "2018.11.11"]
[Round "2.4"]
[White "Hirneise, Tobias"]
[Black "Polak, Tomas"]
[Result "1/2-1/2"]
[WhiteElo "2472"]
[BlackElo "2504"]
[PlyCount "63"]
[EventDate "2018.??.??"]

1. e4 e5 2. Nf3 Nf6 3. Nxe5 d6 4. Nf3 Nxe4 5. d4 d5 6. Bd3 Nc6 7. O-O Be7 8.
Nbd2 Nxd2 9. Bxd2 Bg4 10. c3 O-O 11. h3 Bh5 12. g3 a6 13. Kg2 Qd7 14. Re1 Bg6
15. Bxg6 hxg6 16. Bf4 Rfe8 17. Qb3 Na5 18. Qc2 Bf6 19. Rad1 Rad8 20. h4 Nc4 21.
b3 Nd6 22. Ne5 Qc8 23. Qd3 c6 24. Re2 Re6 25. Rde1 Nb5 26. Qf3 Bxe5 27. Rxe5
Rxe5 28. Rxe5 Re8 29. a4 Nd6 30. h5 gxh5 31. Rxh5 Qe6 32. Bxd6 1/2-1/2

[Event "2BLS 1819 TSV Schoenaich - SC Heusensta"]
[Site "?"]
[Date "2018.11.11"]
[Round "2.5"]
[White "Wieczorek, Oskar"]
[Black "Hirneise, Jens"]
[Result "1-0"]
[WhiteElo "2468"]
[BlackElo "2370"]
[PlyCount "77"]
[EventDate "2018.??.??"]

1. e4 c5 2. Nf3 d6 3. d4 cxd4 4. Nxd4 Nf6 5. Nc3 Bd7 6. Be2 e5 7. Ndb5 Be6 8.
Bg5 a6 9. Bxf6 gxf6 10. Na3 Be7 11. Nc4 b5 12. Ne3 O-O 13. Ncd5 Nd7 14. Bg4 Kh8
15. Bf5 Rg8 16. Qh5 Rg7 17. O-O Nb6 18. Rfd1 Bxd5 19. Nxd5 Nxd5 20. Rxd5 b4 21.
a3 Qb8 22. axb4 Qxb4 23. b3 a5 24. g3 a4 25. Qe2 a3 26. Rb5 Qc3 27. Rxa3 Rag8
28. Ra7 Bd8 29. Kg2 Rf8 30. Ra8 Qc7 31. Rbb8 Rfg8 32. Rc8 Qe7 33. Qh5 d5 34.
exd5 e4 35. Qe2 Re8 36. Qxe4 Qxe4+ 37. Bxe4 Rgg8 38. Bf5 Kg7 39. c4 1-0

[Event "2BLS 1819 TSV Schoenaich - SC Heusensta"]
[Site "?"]
[Date "2018.11.11"]
[Round "2.6"]
[White "Menezes, Christoph"]
[Black "Klekowski, Maciej"]
[Result "1/2-1/2"]
[WhiteElo "2421"]
[BlackElo "2499"]
[PlyCount "40"]
[EventDate "2018.??.??"]

1. Nf3 Nf6 2. c4 b6 3. g3 Bb7 4. Bg2 e6 5. O-O Be7 6. b3 O-O 7. Bb2 d5 8. cxd5
exd5 9. d4 Nbd7 10. Nc3 Re8 11. Rc1 a6 12. e3 Bd6 13. Ne2 Qe7 14. Nf4 a5 15. a4
Ne4 16. Re1 g5 17. Nd3 f6 18. Nd2 Nxd2 19. Qxd2 f5 20. Qc2 Rac8 1/2-1/2

[Event "2BLS 1819 TSV Schoenaich - SC Heusensta"]
[Site "?"]
[Date "2018.11.11"]
[Round "2.7"]
[White "Barski, Radoslaw"]
[Black "Wenninger, Philipp"]
[Result "1/2-1/2"]
[WhiteElo "2459"]
[BlackElo "2388"]
[PlyCount "168"]
[EventDate "2018.??.??"]

1. e4 c6 2. d4 d5 3. e5 Bf5 4. Nf3 e6 5. Be2 Ne7 6. O-O c5 7. c4 Nbc6 8. dxc5
dxc4 9. Qa4 Nd5 10. Qxc4 Qa5 11. Bd2 Qxc5 12. Qa4 Be7 13. Na3 O-O 14. Rac1 Nb6
15. Qb3 Nd4 16. Nxd4 Qxd4 17. Bc3 Qd5 18. Nc4 Nxc4 19. Bxc4 Qc6 20. Bd4 Rfd8
21. Rfd1 Rac8 22. Be3 Qe4 23. Be2 Rxc1 24. Rxc1 Qxe5 25. Qxb7 Bd6 26. g3 Be4
27. Qxa7 Qxb2 28. Qb6 Qxb6 29. Bxb6 Ra8 30. a4 Rxa4 31. Rc8+ Bf8 32. f3 Bd5 33.
Bc5 Ra8 34. Rxa8 Bxa8 35. Bxf8 Kxf8 36. Kf2 Ke7 37. Ke3 Kd6 38. f4 Bc6 39. Bd3
h6 40. Be2 f6 41. h4 Ba4 42. Bf3 Bc2 43. Be2 Bf5 44. Bf3 Bg6 45. Be2 e5 46.
fxe5+ fxe5 47. Bf3 Ke6 48. Bg4+ Bf5 49. Bf3 Kf6 50. Be2 Bc2 51. Bg4 Bb3 52. Bh3
Bd1 53. Bd7 Bc2 54. Bg4 g5 55. hxg5+ Kxg5 56. Be2 Bf5 57. Bd1 Bg6 58. Be2 Bh5
59. Bb5 Bd1 60. Ke4 Kf6 61. Bc4 Bc2+ 62. Ke3 Kf5 63. Be2 Bb3 64. Bf3 Bc2 65.
Be2 Ba4 66. Bf3 Kg5 67. Be2 Bc6 68. Bd1 Bg2 69. Be2 Kf5 70. Bh5 Bf1 71. Bf3 Bb5
72. Bd1 e4 73. g4+ Ke5 74. Bc2 Bd3 75. Bxd3 exd3 76. Kxd3 Kf4 77. Ke2 Kxg4 78.
Kf2 Kh3 79. Kg1 Kg3 80. Kh1 h5 81. Kg1 h4 82. Kh1 h3 83. Kg1 h2+ 84. Kh1 Kh3
1/2-1/2

[Event "2BLS 1819 TSV Schoenaich - SC Heusensta"]
[Site "?"]
[Date "2018.11.11"]
[Round "2.8"]
[White "Reck, Moritz"]
[Black "Weichhold, Pawel"]
[Result "1/2-1/2"]
[WhiteElo "2123"]
[BlackElo "2425"]
[PlyCount "61"]
[EventDate "2018.??.??"]

1. e4 c5 2. Nc3 Nc6 3. g3 g6 4. Bg2 Bg7 5. d3 Rb8 6. Be3 b5 7. Qd2 b4 8. Nd1 d6
9. Ne2 e5 10. O-O Nge7 11. Bh6 O-O 12. Bxg7 Kxg7 13. Ne3 Nd4 14. a3 Qc7 15.
axb4 cxb4 16. Nxd4 exd4 17. Nc4 Be6 18. b3 d5 19. exd5 Bxd5 20. Bxd5 Nxd5 21.
Qg5 Nc3 22. Qe5+ Qxe5 23. Nxe5 Rb7 24. Ra5 Re8 25. Rfa1 Rc7 26. Kf1 Ree7 27.
Nf3 Red7 28. Ne5 Re7 29. Nf3 Red7 30. Ke1 Re7+ 31. Kf1 1/2-1/2

[Event "2BLS 1819 FB Mörlenbach-Birkenau - SG "]
[Site "?"]
[Date "2018.11.11"]
[Round "2.1"]
[White "Abasov, Nijat"]
[Black "Danin, Alexandre"]
[Result "1-0"]
[WhiteElo "2629"]
[BlackElo "2523"]
[PlyCount "85"]
[EventDate "2018.??.??"]

1. c4 c5 2. Nc3 Nf6 3. Nf3 d5 4. cxd5 Nxd5 5. g3 Nc6 6. Bg2 Nc7 7. d3 e5 8. Nd2
Bd7 9. O-O Be7 10. Nc4 f6 11. f4 b5 12. Ne3 Rc8 13. Ned5 Nxd5 14. Nxd5 Bd6 15.
a4 b4 16. f5 O-O 17. g4 Na5 18. b3 e4 19. dxe4 c4 20. bxc4 Nxc4 21. Qb3 Kh8 22.
Kh1 a5 23. h4 Be5 24. Ra2 Qe8 25. Bf3 Bd6 26. Kg2 Rc5 27. Rd1 Be5 28. g5 Rc8
29. h5 Rg8 30. Nf4 fxg5 31. Ng6+ hxg6 32. hxg6 Rf8 33. Bxg5 Kg8 34. Qd3 Be6 35.
Bg4 Rf6 36. Qh3 Rd8 37. Rxd8 Qxd8 38. fxe6 Rf2+ 39. Kxf2 Qxg5 40. e7 Qf4+ 41.
Qf3 Bd4+ 42. Kg2 Ne3+ 43. Kh1 1-0

[Event "2BLS 1819 FB Mörlenbach-Birkenau - SG "]
[Site "?"]
[Date "2018.11.11"]
[Round "2.2"]
[White "Kunin, Vitaly"]
[Black "Pavlidis, Antonios"]
[Result "1-0"]
[WhiteElo "2551"]
[BlackElo "2536"]
[PlyCount "113"]
[EventDate "2018.??.??"]

1. d4 Nf6 2. c4 g6 3. Nc3 Bg7 4. e4 d6 5. Be2 O-O 6. Bg5 c6 7. Nf3 d5 8. e5 Ne4
9. Be3 c5 10. cxd5 Nxc3 11. bxc3 Qxd5 12. O-O Nc6 13. Qa4 cxd4 14. cxd4 Bd7 15.
Qa3 Qa5 16. Qxa5 Nxa5 17. d5 Bg4 18. Rac1 Rad8 19. Rfd1 Bxf3 20. gxf3 Bxe5 21.
Bxa7 b5 22. Bxb5 Ra8 23. Be3 Rfb8 24. a4 Bd6 25. Kg2 Rd8 26. f4 Rab8 27. Kf3
Kf8 28. h4 Ba3 29. Rc3 Bb4 30. Rc2 Ba3 31. Ra1 Bd6 32. f5 Rbc8 33. Rxc8 Rxc8
34. fxg6 hxg6 35. Rc1 Rb8 36. Ba7 Ra8 37. Bb6 Be5 38. Rb1 Bd6 39. Ke2 Be5 40.
Kf3 Bd6 41. Ke4 Kg8 42. Kd4 Kg7 43. Bd7 Bf4 44. Kd3 Be5 45. Rb5 Nb7 46. a5 Nd6
47. Rb4 Kf8 48. Bc6 Ra6 49. Bd8 Bf6 50. Rb8 Bxh4 51. Bb6+ Kg7 52. Ra8 Rxa8 53.
Bxa8 e6 54. a6 Nc8 55. Bc5 Bd8 56. Bb7 Bb6 57. d6 1-0

[Event "2BLS 1819 FB Mörlenbach-Birkenau - SG "]
[Site "?"]
[Date "2018.11.11"]
[Round "2.3"]
[White "Shytaj, Luca"]
[Black "Galdunts, Sergey"]
[Result "1-0"]
[WhiteElo "2469"]
[BlackElo "2422"]
[PlyCount "79"]
[EventDate "2018.??.??"]

1. Nc3 e5 2. Nf3 Nc6 3. d4 exd4 4. Nxd4 Nf6 5. Bg5 Bb4 6. Nxc6 bxc6 7. Qd4 Qe7
8. e3 c5 9. Bxf6 gxf6 10. Qd3 Rb8 11. Be2 c6 12. e4 Qe5 13. O-O Ba5 14. Bg4
Rxb2 15. Ne2 Bc7 16. f4 c4 17. Qh3 Qc5+ 18. Kh1 h5 19. Rad1 Bd6 20. Nd4 Rxa2
21. Nf5 Bc7 22. Bxh5 Qf8 23. e5 Kd8 24. Qh4 Bb6 25. Qxf6+ Kc7 26. Bxf7 Rxc2 27.
Nd6 Rh6 28. Qf5 Qh8 29. h3 Rc3 30. Kh2 Ba6 31. Ne4 Rd3 32. Nf6 Qd8 33. Bxc4
Bxc4 34. Rxd3 Bxd3 35. Qxd3 Kc8 36. Qf5 Kc7 37. Rd1 d5 38. Qe6 Kb7 39. Qg4 Qc7
40. Ne8 1-0

[Event "2BLS 1819 FB Mörlenbach-Birkenau - SG "]
[Site "?"]
[Date "2018.11.11"]
[Round "2.4"]
[White "Dittmar, Peter"]
[Black "Nemeth, Miklos"]
[Result "1/2-1/2"]
[WhiteElo "2226"]
[BlackElo "2486"]
[PlyCount "63"]
[EventDate "2018.??.??"]

1. Nf3 Nf6 2. c4 b6 3. b3 Bb7 4. Bb2 e6 5. e3 Be7 6. Nc3 O-O 7. d4 d5 8. Bd3
Nbd7 9. cxd5 exd5 10. O-O c5 11. Rc1 Re8 12. Qc2 Bf8 13. Rfd1 Rc8 14. Bf5 cxd4
15. Nxd4 a6 16. Qb1 Rc7 17. Nce2 Ne5 18. Rxc7 Qxc7 19. Rc1 Qb8 20. Bh3 Neg4 21.
g3 g6 22. Qc2 Rc8 23. Qd1 h5 24. Rxc8 Bxc8 25. Nf4 Kg7 26. Qc1 Bb7 27. Bg2 Ne5
28. Qc2 Qd6 29. Nd3 Nxd3 30. Qxd3 Ne4 31. Qd1 Qc7 32. Qd3 {(=)} 1/2-1/2

[Event "2BLS 1819 FB Mörlenbach-Birkenau - SG "]
[Site "?"]
[Date "2018.11.11"]
[Round "2.5"]
[White "Horvath, Adam"]
[Black "Legde, Georg"]
[Result "1/2-1/2"]
[WhiteElo "2493"]
[BlackElo "2306"]
[PlyCount "95"]
[EventDate "2018.??.??"]

1. e4 c5 2. Nf3 d6 3. d4 cxd4 4. Nxd4 Nf6 5. Nc3 Nc6 6. Bg5 e6 7. Qd2 a6 8.
O-O-O h6 9. Be3 Nxd4 10. Bxd4 b5 11. Bc5 Bb7 12. Bxd6 Bxd6 13. Qxd6 Qxd6 14.
Rxd6 Nxe4 15. Nxe4 Bxe4 16. f3 Ke7 17. Rb6 Bd5 18. a4 Rhb8 19. Rxb8 Rxb8 20.
axb5 axb5 21. Bd3 b4 22. Kd2 Ra8 23. Ke3 Ra2 24. b3 Kd6 25. h4 h5 26. Rd1 Ra8
27. Kf4 f6 28. Bg6 Ra2 29. Ke3 Kc5 30. Rc1 Ra8 31. g3 Kd6 32. Bd3 g5 33. Rg1
Rg8 34. Ra1 gxh4 35. gxh4 Rg3 36. Be2 Rh3 37. Ra4 Rxh4 38. c4 Bc6 39. Ra5 Rh1
40. c5+ Kc7 41. Ra7+ Kb8 42. Rf7 f5 43. Kf4 Bd5 44. Rf8+ Kb7 45. Bb5 Re1 46.
Rf7+ Kb8 47. Rf8+ Kc7 48. Rf7+ 1/2-1/2

[Event "2BLS 1819 FB Mörlenbach-Birkenau - SG "]
[Site "?"]
[Date "2018.11.11"]
[Round "2.6"]
[White "Peter, Sebastien"]
[Black "Kovacs, Gabor"]
[Result "1/2-1/2"]
[WhiteElo "2197"]
[BlackElo "2454"]
[PlyCount "118"]
[EventDate "2018.??.??"]

1. e4 e5 2. Nf3 Nf6 3. Nc3 Nc6 4. d4 exd4 5. Nxd4 d6 6. Be2 Be7 7. O-O O-O 8.
Bf4 Ne5 9. h3 Re8 10. Re1 c6 11. a4 a5 12. Nf3 Qc7 13. Qd4 Bf8 14. Rad1 h6 15.
Bh2 Nfd7 16. Nxe5 dxe5 17. Qe3 Nc5 18. Bc4 Be6 19. Qe2 Rad8 20. Bxe6 Nxe6 21.
Qc4 Bc5 22. Rxd8 Rxd8 23. Rd1 Bd4 24. Rd3 Qb6 25. Nd1 Nc5 26. Rf3 Nxe4 27.
Qxf7+ Kh8 28. Rd3 Qc5 29. Qg6 Nxf2 30. Nxf2 Bxf2+ 31. Kh1 Rxd3 32. Qxd3 Bh4 33.
Qe4 Bf6 34. Bg1 Qd6 35. Bb6 Qd2 36. b3 Kg8 37. Qc4+ Kh7 38. Qd3+ Qxd3 39. cxd3
Kg6 40. Bxa5 Kf5 41. Kg1 e4 42. Kf2 Bd4+ 43. Ke2 Ke5 44. Bc7+ Kd5 45. dxe4+
Kxe4 46. Bg3 Be3 47. Bc7 g6 48. Bd8 h5 49. Be7 Bf4 50. Bc5 Bc7 51. Be3 Be5 52.
Bf2 Bd4 53. Bg3 Bg1 54. Bc7 Bc5 55. Bd8 Bd6 56. Bb6 Be5 57. Be3 Bd6 58. Bb6 Be5
59. Be3 Bd6 1/2-1/2